Ferrari F1 world champions - Statistics

General Stats
  • This quiz has been taken 543 times
  • The average score is 13 of 15
Answer Stats
Year Driver % Correct
2000 Michael Schumacher
99%
2001 Michael Schumacher
99%
2002 Michael Schumacher
99%
2003 Michael Schumacher
99%
2004 Michael Schumacher
99%
2007 Kimi Raikkonen
97%
1975 Niki Lauda
93%
1977 Niki Lauda
93%
1952 Alberto Ascari
90%
1953 Alberto Ascari
90%
1956 Juan Manuel Fangio
89%
1979 Jody Scheckter
74%
1958 Mike Hawthorn
73%
1961 Phil Hill
71%
1964 John Surtees
69%
No matching quizzes found
Score Distribution
Percent of People with Each Score
Percentile by Number Answered
Your Score History
You have not taken this quiz